000 00511nam a2200169Ia 4500
008 230917s9999||||xx |||||||||||||| ||und||
020 _cRS950
040 _e254082
_aMAIN
041 _aEnglish
082 _a320.840954 R812R
100 _aRoy, Dayabati
245 0 _aRural politics in India: Political stratification and governane in West Bengal
260 _aEdinburg
_bCambridge University Press
_c2014
300 _ax, 279 p.
500 _a3407 18/01/2019 RBP19/7716 11/02/2019 Main Budget
942 _cBK
999 _c30267
_d30267